Theory-based treatment planning for marriage and family therapists : (Record no. 3498)
| 000 -LEADER | |
|---|---|
| fixed length control field | 01676cam a22004094a 4500 |
| 001 - CONTROL NUMBER | |
| control field | 12878110 |
| 003 - CONTROL NUMBER IDENTIFIER | |
| control field | OSt |
| 005 - DATE AND TIME OF LATEST TRANSACTION | |
| control field | 20260330134732.0 |
| 008 - FIXED-LENGTH DATA ELEMENTS--GENERAL INFORMATION | |
| fixed length control field | 020731s2003 cau b 001 0 eng |
| 010 ## - LIBRARY OF CONGRESS CONTROL NUMBER | |
| LC control number | 2002110922 |
| 020 ## - INTERNATIONAL STANDARD BOOK NUMBER | |
| International Standard Book Number | 0534536166 |
| 020 ## - INTERNATIONAL STANDARD BOOK NUMBER | |
| International Standard Book Number | 9780534536169 |
| 035 ## - SYSTEM CONTROL NUMBER | |
| System control number | 12878110 |
| 035 ## - SYSTEM CONTROL NUMBER | |
| System control number | (DLC) 2002110922 |
| 040 ## - CATALOGING SOURCE | |
| Original cataloging agency | DLC |
| Transcribing agency | Outspan Global University |
| Modifying agency | Outspan Global University |
| Language of cataloging | eng |
| 042 ## - AUTHENTICATION CODE | |
| Authentication code | pcc |
| 050 00 - LIBRARY OF CONGRESS CALL NUMBER | |
| Classification number | RC488.5 |
| Item number | .G4187 2003 |
| 100 1# - MAIN ENTRY--PERSONAL NAME | |
| Personal name | Gehart, Diane R., |
| Dates associated with a name | 1969- |
| 245 10 - TITLE STATEMENT | |
| Title | Theory-based treatment planning for marriage and family therapists : |
| Remainder of title | integrating theory and practice |
| Statement of responsibility, etc. | by Diane R. Gehart, Amy R. Tuttle. |
| 260 ## - PUBLICATION, DISTRIBUTION, ETC. | |
| Place of publication, distribution, etc. | Pacific Grove, CA : |
| Name of publisher, distributor, etc. | Brooks/Cole/Thomson, |
| Date of publication, distribution, etc. | c2003. |
| 300 ## - PHYSICAL DESCRIPTION | |
| Extent | xv, 269 p. ; |
| Dimensions | 24 cm. |
| 336 ## - CONTENT TYPE | |
| Content type term | text |
| Content type code | txt |
| Source | rdacontent |
| 337 ## - MEDIA TYPE | |
| Media type term | unmediated |
| Media type code | n |
| Source | rdamedia |
| 338 ## - CARRIER TYPE | |
| Carrier type term | volume |
| Carrier type code | nc |
| Source | rdacarrier |
| 504 ## - BIBLIOGRAPHY, ETC. NOTE | |
| Bibliography, etc. note | Includes bibliographical references and index. |
| 650 #0 - SUBJECT ADDED ENTRY--TOPICAL TERM | |
| Topical term or geographic name entry element | Marital psychotherapy |
| General subdivision | Planning. |
| 650 #0 - SUBJECT ADDED ENTRY--TOPICAL TERM | |
| Topical term or geographic name entry element | Family psychotherapy |
| General subdivision | Planning. |
| 650 #0 - SUBJECT ADDED ENTRY--TOPICAL TERM | |
| Topical term or geographic name entry element | Mental health planning. |
| 700 1# - ADDED ENTRY--PERSONAL NAME | |
| Personal name | Tuttle, Amy R. |
| 856 42 - ELECTRONIC LOCATION AND ACCESS | |
| Materials specified | Publisher description |
| Uniform Resource Identifier | <a href="http://www.loc.gov/catdir/enhancements/fy1216/2002110922-d.html">http://www.loc.gov/catdir/enhancements/fy1216/2002110922-d.html</a> |
| 856 41 - ELECTRONIC LOCATION AND ACCESS | |
| Materials specified | Table of contents only |
| Uniform Resource Identifier | <a href="http://www.loc.gov/catdir/enhancements/fy1216/2002110922-t.html">http://www.loc.gov/catdir/enhancements/fy1216/2002110922-t.html</a> |
| 856 42 - ELECTRONIC LOCATION AND ACCESS | |
| Materials specified | Contributor biographical information |
| Uniform Resource Identifier | <a href="http://www.loc.gov/catdir/enhancements/fy1302/2002110922-b.html">http://www.loc.gov/catdir/enhancements/fy1302/2002110922-b.html</a> |
| 906 ## - LOCAL DATA ELEMENT F, LDF (RLIN) | |
| a | 7 |
| b | cbc |
| c | orignew |
| d | 3 |
| e | epcn |
| f | 20 |
| g | y-gencatlg |
| 942 ## - ADDED ENTRY ELEMENTS (KOHA) | |
| Source of classification or shelving scheme | Library of Congress Classification |
| Koha item type | Books |
| Suppress in OPAC | No |
| Withdrawn status | Lost status | Source of classification or shelving scheme | Damaged status | Not for loan | Home library | Current library | Date acquired | Source of acquisition | Total checkouts | Full call number | Barcode | Date last seen | Price effective from | Koha item type |
|---|---|---|---|---|---|---|---|---|---|---|---|---|---|---|
| Library of Congress Classification | Main Campus | 3rd Floor Main Library | 03/30/2026 | Dr. Karanja Donations | RC488.5. G4187 2003 | 107320 | 03/30/2026 | 03/30/2026 | Books |
